[Event "USA-ch"]
[Site "Key West"]
[Date "1994.??.??"]
[Round "9"]
[White "Seirawan, Yasser"]
[Black "Browne, Walter Shawn"]
[Result "0-1"]
[WhiteElo "2585"]
[BlackElo "2535"]
[Annotator "Hansen,Cu"]
[PlyCount "126"]
[EventDate "1994.10.??"]
[EventType "tourn"]
[EventRounds "13"]
[EventCountry "USA"]
[EventCategory "13"]
[SourceTitle "CBM 044"]
[Source "ChessBase"]
[SourceDate "1995.02.01"]
[SourceVersion "1"]
[SourceVersionDate "1995.02.01"]
[SourceQuality "1"]

1. d4 Nf6 2. c4 e6 3. Nf3 b6 4. Nc3 Bb4 5. Bg5 Bb7 6. e3 h6 7. Bh4 Bxc3+ 8.
bxc3 d6 9. Nd2 e5 (9... Nbd7 10. f3 Qe7 11. Bd3 g5 (11... e5 12. Qe2 (12. e4 {
-> game}) 12... Nf8 13. Be4 Bxe4 14. Nxe4 g5 15. Nxf6+ Qxf6 16. Bf2 Ng6 17. Qc2
Kf8 18. h4 Kg7 19. hxg5 hxg5 20. O-O-O Ne7 21. Qa4 e4 22. Rhf1 Rh2 23. f4 Rxg2
24. fxg5 Qf3 25. Qd7 Nf5 26. g6 {Simonenko,S-Murzin,L/URS-chT 1988/0-1 (36)}) (
11... O-O-O 12. a4 e5 (12... a5 13. Qe2 g5 14. Bf2 Nh5 15. Rb1 c5 16. Be4 f5
17. Bxb7+ Kxb7 18. g3 Nhf6 19. e4 fxe4 20. Nxe4 Nxe4 21. Qxe4+ Kc7 22. O-O Nf6
23. Qe2 e5 24. Rfe1 Rhe8 25. g4 Qd7 26. dxc5 dxc5 27. Red1 {Lautier,
J-Spraggett,K/Correze m (04) 1989/1/2-1/2 (38)}) 13. e4 g5 14. Bf2 Nh5 15. g3
a5 16. Qb3 Ng7 17. O-O-O Ne6 18. Qa3 Qf6 19. c5 dxc5 20. d5 Ng7 21. Rhf1 Ne8
22. Be3 Nd6 23. Qb2 Qe7 24. Nc4 Nxc4 25. Bxc4 Qd6 26. h4 gxh4 27. gxh4 Kb8 28.
Qh2 Nf6 29. h5 Bc8 30. Qh4 Bd7 31. f4 Nxe4 32. fxe5 Qxe5 33. Rd3 Nd6 34. Bf4
Qe4 {0-1 Sandstrom,L-Brynell,S/Malmo 1988}) 12. Bf2 Nh5 (12... O-O-O 13. Qa4
Kb8 14. O-O-O c5 15. e4 Nh5 16. Rhe1 Nf4 17. Bf1 e5 18. Nb3 Nf6 19. Na1 $1 Rc8
20. Nc2 Rhd8 21. Ne3 h5 22. Nf5 $6 (22. dxc5 dxc5 23. Nd5 N4xd5 24. cxd5 Ne8
$16) 22... Qc7 $14 23. g3 Ng6 24. Be3 $5 Nh7 25. d5 Rh8 $10 26. Ng7 h4 27. Nf5
hxg3 28. hxg3 Rcg8 29. Bh3 Bc8 30. Rh1 Bd7 31. Qb3 f6 32. Bg4 Nhf8 33. a4 {
1/2-1/2 Gligoric,S-Hjartarson,J/Beograd 44/653 (Gligoric,S) 1987}) (12... h5
13. a4 a5 14. Qb3 h4 15. h3 Nh5 16. Kd1 Kf8 17. Kc2 f5 18. Rae1 Kg7 19. Rhg1
Raf8 20. Kc1 e5 21. Qb1 Qf6 22. c5 dxc5 23. Bb5 Bc6 24. Nc4 Kh6 25. Rd1 Qe7 {
1-0 Schumacher,N-Cichy,M/2BLN 8889 Braunschweig-Hannover [7] 1989}) 13. Qa4 f5
14. h4 (14. g4 $5 Ng7 15. gxf5 (15. e4 fxg4 16. fxg4 h5 $13 {Maksimovic,
B-Cebalo,M/Jugoslavija (ch) 45/(650) 1988}) 15... exf5 16. O-O-O a6 17. Qc2 Qf7
18. Rhg1 O-O-O 19. h4 gxh4 20. Bxh4 $14 {Nesis-Yanosi, Corr. 1989/91}) 14...
Kf7 15. hxg5 hxg5 16. O-O-O a6 17. Qc2 (17. e4 f4 18. Rh3 Nhf6 19. Rdh1 Rxh3
20. Rxh3 Kg7 {1/2-1/2 Rohde,M-Wilder,M/USA-ch 1988}) 17... Qf6 18. Rdf1 Ng7 19.
g4 Ke7 20. gxf5 exf5 21. e4 f4 22. Qb3 Ne6 23. c5 Rxh1 24. cxd6+ cxd6 25. Rxh1
Rh8 26. Rf1 Nc7 27. Re1 Kd8 28. a4 Kc8 {Sandstrom,L-Westerinen,H/Malmo 1988/1/
2-1/2 (43)}) 10. f3 (10. c5 $5) 10... Nbd7 11. e4 Qe7 12. Bd3 Nf8 {/\Ng6 ><f4}
(12... g5 13. Bf2 Nh5 (13... Nf8 14. Nf1 Ng6 15. Ne3 Nf4 16. Qa4+ Qd7 17. Qxd7+
Nxd7 18. Bf1 Nf6 19. Nd5 N6xd5 20. cxd5 f6 21. h4 Kf7 22. h5 Rhe8 23. O-O-O g4
24. fxg4 exd4 25. Rxd4 c5 26. dxc6 Bxc6 27. Rxd6 Rac8 28. Bd4 $16 {Kumaran,
Dharshan-Kamsky,Gata/New York open (02) 1990/1/2-1/2 (40)}) 14. Nf1 (14. g3 Ng7
15. Qe2 h5 16. h4 gxh4 17. Rxh4 Nf8 18. Rh2 Ng6 19. d5 O-O-O 20. Nf1 h4 21. g4
Qf6 22. Qe3 Kb8 23. Nd2 Ne8 24. O-O-O c6 25. Kb2 Nc7 26. Nb3 Na6 27. Rdh1 Rh7
28. Bf1 Rdh8 29. Be1 {1/2-1/2 Botvinnik,M-Keres,P/URS-ch12 Moscow 1940}) (14.
O-O Nf4 15. Bc2 h5 16. Re1 {1/2-1/2 Kharitonov,A-Razuvaev,Y/Moscow-A 1988})
14... exd4 (14... f5 15. Ne3 fxe4 16. Nf5 Qh7 17. Bxe4 {1/2-1/2 Levitt,
J-Razuvaev,Y/Moscow-A 1988}) (14... Nf4 15. Ne3 g4 16. Bc2 gxf3 17. Qxf3 Qg5
18. h4 Qf6 19. O-O-O O-O-O 20. h5 Ne6 21. Bh4 Ng5 22. Qf5 {+/= Razuvaev,
Y-Stoica,V/Nikea 42/(678) 1986}) 15. cxd4 f5 16. Ne3 fxe4 17. Nf5 Qf7 18. fxe4
Nf4 19. O-O Nxg2 (19... Nxd3 20. Qxd3 O-O-O 21. Bg3 Qe6 22. Rae1 Kb8 23. c5
bxc5 24. d5 Qe8 25. a4 c4 26. Qd4 c3 27. Qxc3 Nc5 28. e5 Nxa4 29. Qa5 dxe5 30.
Bxe5 Qd7 31. Bxh8 Rxh8 32. Ra1 Nb6 33. Qxa7+ Kc8 34. d6 {1-0 Tal,
M-Mnatsakanian,E/URS-ch30 Erevan 1962}) 20. Bg3 Nf4 21. Bxf4 gxf4 22. Rxf4 Qg6+
23. Rg4 Qf6 24. Ng7+ Kd8 25. Kh1 Kc8 26. Bc2 Ba6 27. Ba4 Bb7 28. Qd3 Nc5 29.
Rf1 Nxe4 30. Rxf6 Nf2+ 31. Kg1 Nxd3 32. Ne6 Nb2 33. Rxh6 Nxa4 34. Rxh8+ Kd7 35.
Rxa8 Bxa8 36. d5 {1-0 Piket,J-Tiviakov,S/Wijk (02) 1994}) (12... c5 13. Nf1 (
13. O-O g5 14. Bf2 Nh5 15. Re1 Nf4 16. Nf1 g4 17. Ng3 gxf3 18. Qxf3 Rg8 19. Bf1
Qf6 20. Kh1 Nf8 21. d5 Nh7 22. Nf5 Ng5 23. Qg4 Kf8 24. Bh4 Bc8 25. Re3 h5 26.
Qd1 Nxe4 27. Bxf6 Nf2+ 28. Kg1 N4h3+ 29. Rxh3 Nxh3+ 30. Kh1 Nf2+ 31. Kg1 Nxd1 {
1/2-1/2 Ravikumar,V-Kuzmin,G/New Delhi 1984}) 13... g5 (13... cxd4 14. cxd4
exd4 15. Ng3 Qe5 16. Ne2 O-O 17. O-O Rac8 18. Bf2 Ba6 19. Bxd4 Qa5 20. Rc1 Ne5
21. Ng3 b5 22. f4 Nxd3 23. Bxf6 Nxc1 24. Qg4 g6 25. f5 g5 26. Bxg5 Kh7 27. Qh5
{1-0 Flear,Glenn-Ligterink,Gert/Wijk aan Zee II 1988}) 14. Bf2 Nh5 15. Ne3 Ng7
16. h4 exd4 17. cxd4 cxd4 18. Nd5 Bxd5 19. cxd5 Nf5 20. Bb5 O-O-O 21. Bxd7+
Rxd7 22. hxg5 Qe5 23. Rc1+ Rc7 24. Rxc7+ Kxc7 25. Qa1 Kb7 26. gxh6 Rc8 27. O-O
Ng3 28. Re1 Rc2 29. Qxd4 Ne2+ {0-1 Azmayparashvili,Z-Khalifman,A/Kujbysev 42/
678 1986}) (12... O-O 13. Nf1 (13. O-O Rfe8 (13... Qe8 14. Re1 Nh5 15. Nf1 Nf4
16. Ne3 Nxd3 17. Qxd3 f6 18. Bf2 Qf7 19. Qc2 Nb8 20. Rad1 Nc6 21. c5 dxc5 22.
dxc5 Na5 23. c4 Bc6 24. Nd5 Rfc8 25. Rd3 Nb7 26. Red1 Nxc5 27. Bxc5 bxc5 {
Gligoric,S-Zlotnik,B/Belgrade GMA-op 1988/1-0 (53)}) 14. Re1 g5 15. Bf2 Nf8 16.
Nf1 Ne6 17. Ne3 Ng7 18. Rb1 Bc8 19. Bc2 Rf8 20. Ba4 Be6 21. Bc6 Rab8 22. Qa4 a5
23. Qa3 exd4 24. cxd4 Nfh5 25. e5 Qd8 26. exd6 cxd6 27. g3 Qc7 28. d5 Bc8 29.
Nc2 Ba6 30. Qb3 Nf6 31. Nd4 Rfc8 32. Qc3 Qd8 33. Rb2 Nd7 34. Nb5 Nc5 35. Rbe2
Qf8 36. Bd4 Rxc6 37. Bxg7 {1-0 Gausel,E-Aberg,A/Gausdal Troll Masters (5) 1991}
) 13... exd4 (13... Rfe8 14. Ne3 Nf8 15. O-O Ng6 16. Bf2 Nf4 17. Re1 Nxd3 18.
Qxd3 Qd7 19. a4 a5 20. Qd2 Nh7 21. Nf5 Qc6 22. c5 bxc5 23. dxc5 d5 24. exd5
Qxd5 25. Qxd5 Bxd5 26. f4 g6 27. Ne3 {Tukmakov,V-Psakhis,L/Moscow TV 1987/1/
2-1/2 (71)}) 14. cxd4 d5 $5 15. cxd5 g5 16. Bf2 Nxd5 17. Ng3 $5 Qb4+ 18. Kf1
Nf4 19. Kg1 $1 $16 Rad8 (19... Nxd3 20. Qxd3 $16) 20. Bf1 Ne5 21. h4 Bc8 22.
hxg5 hxg5 23. Nh5 Qe7 (23... Nxh5 24. Rxh5 f6 25. Qb3+ Qxb3 26. axb3 Nc6 27. d5
Ne5 28. b4 $16) 24. Qc2 Neg6 25. Rc1 Bd7 26. e5 {[/\ 27.Nf6; 26.Qc7? Rc8]} Nxh5
27. Rxh5 c5 $5 {[#]} 28. f4 $3 cxd4 29. Rxg5 {[/\ 30.f5]} Rc8 30. Qd2 Rxc1 31.
Qxc1 Rc8 32. Qd2 Qa3 $5 {Nesis,GJ-Anton,VM/X Olympiad Final 1987/91 CCYB 5\264
1991/1-0 (43)}) (12... O-O-O 13. Qa4 Kb8 14. O-O-O c5 (14... g5 15. Bf2 g4 16.
Bh4 gxf3 17. gxf3 Rdg8 18. Bf1 Qe8 19. Bh3 Bc8 20. c5 dxc5 21. d5 Nh5 22. d6
cxd6 23. Qc6 Nf4 24. Qxd6+ Kb7 25. Bf5 Rg2 26. Bg3 Ne2+ 27. Kb2 Nxg3 28. hxg3 {
Campos,J-Gonzalez,R/Oviedo 25' (10) 1993/1-0 (41)}) 15. d5 Nf8 16. Rhe1 Ng6 17.
Bf2 Nf4 18. Bf1 Bc8 19. Be3 g5 20. Kb2 Rdf8 21. Ka1 g4 22. Rb1 gxf3 23. gxf3
Bb7 24. Rb2 Nd7 25. Reb1 (25. Reb1 Rc8 $1 26. Rb3 Rc7 27. Ra3 $14 {|^ +/=
Gligoric,S-Timman,J/Beograd 44/(653) 1987}) 25... Rc8 26. Rb3 Rc7 27. Ra3 Bc8
28. Nb3 Ka8 29. Nc1 {Gligoric,S-Timman,J/Belgrade 1987/1/2-1/2 (42)}) 13. Nf1 (
13. Bf2 Ne6 14. Nf1 (14. g3 O-O 15. Qe2 Rfe8 16. O-O Ng5 17. Be3 Nfh7 18. h4
Ne6 19. Rae1 Qf6 20. Nb3 a5 21. a4 Qg6 22. Qg2 Nf6 23. Kh2 Nh5 24. f4 exf4 25.
gxf4 Qxg2+ 26. Kxg2 f5 27. d5 Nc5 28. Nxc5 bxc5 {Borisenko,G-Kotov,A/URS-ch22
Moscow 1955/0-1 (57)}) 14... Nh5 15. g3 exd4 16. cxd4 O-O-O 17. Ne3 Qe8 18. Nd5
f5 19. O-O fxe4 20. Bxe4 Kb8 21. Qc2 Qf8 22. f4 c6 23. Nc3 Nf6 24. Bf5 Nc7 25.
a4 d5 26. c5 bxc5 27. dxc5 d4 28. Ne2 d3 29. Bxd3 {Kots,Y-Bannik,A/URS-ch30
Erevan 1962/1-0 (68)}) (13. c5 dxc5 14. dxe5 Qxe5 15. Qa4+ N6d7 (15... c6 16.
O-O Ng6 17. Nc4 Qe6 18. e5 b5 19. exf6 bxa4 20. fxg7 Rg8 21. Bf5 Nxh4 22. Bxe6
Ba6 23. Nd6+ Ke7 24. Bc4 Rxg7 25. g3 Kxd6 26. Bxa6 Nf5 27. Rab1 f6 {Tal,
M-Hecht,H/Varna ol 1962/1-0 (49)}) 16. Rc1 Qe6 17. O-O Bc6 18. Qa6 Ne5 19. Bc2
g5 20. Bg3 Nfg6 21. Bb3 Qc8 22. Qe2 Qd7 23. Rcd1 O-O-O 24. Nc4 Qe7 25. Ne3 Rxd1
26. Rxd1 Rd8 27. Bd5 Bxd5 28. Nxd5 Qe6 29. Qa6+ Kb8 30. Rb1 {Garcia-O'Kelly de
Galway,Alberic/Havana 1963/0-1 (40)}) 13... Ng6 14. Bf2 (14. Bg3 Nh5 15. Ne3
Ngf4 16. Qa4+ Kf8 17. Rd1 Nxg3 18. hxg3 Ne6 19. Be2 g6 20. Kf2 Kg7 21. Qa3 Qg5
22. Qc1 Rad8 23. Qd2 h5 24. Nd5 Qxd2 25. Rxd2 f6 26. Ne3 Kf7 27. Bd1 c5 {
1/2-1/2 Van der Wiel,J-Ljubojevic,L/Amsterdam OHRA 1986}) 14... Nf4 15. Ne3 {
/\Nf5//\0-0,Nd5} g6 (15... Nxd3+ 16. Qxd3 Qd7 (16... Nh5 17. O-O-O g6 18. Qc2
O-O-O 19. Rd2 f6 20. Rhd1 Nf4 21. Bg3 Qf7 22. Qa4 Kb8 23. dxe5 fxe5 24. c5 bxc5
25. Rb2 Ka8 26. Rxb7 Kxb7 27. Qb5+ Kc8 28. Nc4 Rhe8 29. Bxf4 Qxf4+ 30. Kc2 Qxh2
31. Nxd6+ Rxd6 32. Qxe8+ {Piket,J-Ljubojevic,L (01)/Monaco m 1994/1-0 (79)})
17. O-O (17. Rd1 Qa4 18. O-O O-O 19. Bg3 Rfe8 20. Rf2 Nh5 21. Rb2 $14 {+/=
Sokolov,I-Govedarica,R/Beograd (open) 44/(653) 1987}) 17... Qa4 18. Rfb1 O-O
19. Rb5 $5 Ba6 20. dxe5 $1 dxe5 (20... Bxb5 21. exf6 Bc6 22. fxg7 $40) 21. Rxe5
Rfd8 22. Qe2 Ne8 (22... c6) 23. Rb1 Nd6 24. Rb4 Qd7 25. Rd5 $1 {[/\ 26.e5]} c6
26. Rd2 Qe7 27. Ra4 Bc8 28. c5 $1 bxc5 29. Nf1 $1 $16 Nb5 30. Rxd8+ Qxd8 31.
Rc4 Ba6 32. Rxc5 Nc7 33. Qd2 Qe8 34. Ne3 Rd8 35. Qe1 Qd7 36. h3 $1 Bd3 37. Nf5
{[/\ 38.Rc6]} Kh7 38. Be3 $1 Ne6 39. Qh4 $3 Bb5 40. Nxh6 $1 $18 gxh6 41. Qxh6+
Kg8 42. Rh5 {[Nesis] 1-0 Nesis,GJ-Koskinen,O/X Olympiad Final 1989/91 CCYB
5\265 1991}) (15... Bc8 16. Bc2 O-O 17. a4 a5 18. h4 g6 19. Qd2 Bd7 20. Kf1 Qe8
21. g3 N4h5 22. Kg2 Kh7 23. Bg1 Rc8 24. Bh2 Qe6 25. g4 Ng7 26. Rad1 Rfd8 27.
Rde1 h5 28. g5 Ng8 29. Nd5 f6 30. gxf6 Nxf6 31. dxe5 Nxd5 32. exd5 Qh3+ 33. Kf2
Qxh4+ 34. Bg3 Qxc4 35. Qg5 Qc5+ 36. Kg2 Qxd5 37. Rxh5+ Kg8 38. Qxg6 Qd2+ 39.
Kg1 Qxc2 40. Qxc2 Nxh5 41. Qg6+ {1-0 Piket,J-Lim,M/AUS-WchJ (6) 1988}) 16. Bc2
O-O 17. Bh4 {/^h4-d8} c6 {><d5} (17... g5 $2 18. Nf5 Qe6 19. Nxh6+ Kh7 20. Bxg5
$16) 18. O-O {/\Ng4 +-} Bc8 19. Ba4 c5 $8 (19... Bd7 20. c5 $1 (20. Bxc6 Bxc6
21. Ng4 N4h5 $19) 20... bxc5 21. dxc5 $16 dxc5 $2 22. Bxf6 Qxf6 23. Qxd7 $18)
20. Rf2 $6 (20. g3 $6 Nh3+ $8 21. Kg2 g5 22. Nf5 Bxf5 23. exf5 gxh4 24. Kxh3
hxg3 25. hxg3 $13) (20. Nd5 $5) (20. Bc6 $5 Rb8 21. Nd5) 20... g5 21. Bg3 N6h5
22. Rd2 Be6 $10 23. Qc2 Ng7 24. Rad1 Rad8 25. Bc6 Kh8 26. Nd5 (26. a4 $5 f5 $5
27. dxe5 dxe5 28. Rxd8 Rxd8 29. Rxd8+ Qxd8 30. exf5 Nxf5 $17) 26... Bxd5 27.
cxd5 {/\a2-a4-a5} h5 28. dxe5 (28. dxc5 $5 bxc5 29. Rb1 $13) 28... Qxe5 29. c4
{/\Be1,Rf2,Bc3 +/-} f5 30. Qb2 (30. Re1 $5) 30... Qxb2 31. Rxb2 fxe4 32. fxe4 {
פg7, /\h2-h4} Ng6 $1 $15 {/\h5-h4,Ng6-e5,Ng7-h5-f4, קe4} 33. a4 h4 34. Be1
Ne5 35. Bb5 (35. Bc3 Nxc4 $17) 35... Nh5 36. Bc3 Rf4 $17 {ץb5} 37. Re2 Nf6 38.
Bd2 (38. Rde1 Rf8 39. Bd2 Rg4 $132 {/\Nf3+} 40. Kh1 Nxe4 $17) 38... Rg4 $8 (
38... Rxe4 39. Bxg5 $18) 39. h3 Rg3 40. Rf1 Kg7 (40... Rf8 41. a5) 41. a5 {צd8
} a6 $1 42. Bxa6 bxa5 43. Bb5 Ra8 {/\a5-a4-a3} 44. Bc1 a4 45. Bb2 (45. Ra2 Nxe4
$17) 45... a3 (45... Nh5 $5) 46. Ba1 Kg6 (46... Nh5 $5) 47. Kh2 a2 {/\Rb3} 48.
Bxe5 dxe5 49. Ra1 Rga3 $19 50. Kg1 Kf7 51. Kf2 Ke7 52. Ke1 Kd6 53. Kd1 Nh5 54.
Bc6 R8a7 55. Rb2 Ng3 56. Rb8 Nxe4 57. Kc2 Rf7 58. Kb2 Raa7 59. Re8 Rf2+ 60. Kb3
Nd2+ 61. Kb2 (61. Kc3 Ra3+ $19) 61... Nxc4+ 62. Kc3 Ra3+ 63. Kxc4 Rf4+ 0-1

[Event "Los Angeles"]
[Site "Los Angeles"]
[Date "2003.08.23"]
[Round "6"]
[White "Taylor, Timothy"]
[Black "Sevillano, Enrico"]
[Result "1/2-1/2"]
[WhiteElo "2401"]
[BlackElo "2490"]
[Annotator "Hecht,H"]
[PlyCount "124"]
[EventDate "2003.08.18"]
[EventType "tourn"]
[EventRounds "9"]
[EventCountry "USA"]
[EventCategory "10"]
[SourceTitle "CBM 097"]
[Source "ChessBase"]
[SourceDate "2003.11.11"]
[SourceVersion "1"]
[SourceVersionDate "2003.11.11"]
[SourceQuality "1"]

1. d4 Nf6 2. c4 e6 3. Nc3 Bb4 4. Nf3 b6 5. Bg5 Bb7 6. Nd2 h6 7. Bh4 Nc6 8. e3
Ne7 9. f3 Ng6 10. Bf2 c5 11. a3 cxd4 12. axb4 dxc3 13. bxc3 O-O 14. Be2 d5 15.
O-O Qe7 16. cxd5 Nxd5 17. Qb3 Rfc8 18. Rfc1 a5 19. b5 Ne5 20. c4 Nb4 21. e4 Nd7
22. Qe3 Rc7 23. e5 Nc5 24. Nb3 Nbd3 25. Bxd3 Nxb3 26. Bh7+ Kxh7 27. Qxb3 Rd7
28. Bxb6 Qg5 29. Qe3 Qxe3+ 30. Bxe3 Rd3 31. Bc5 a4 32. Ra3 Rb3 33. Bd6 Kg6 34.
Rca1 Rxa3 35. Rxa3 {passed pawns Freibauern} f6 36. Kf2 h5 37. Ke3 Kf5 38. exf6
gxf6 39. Kd4 e5+ 40. Kc5 Ke6 41. Kb6 Bd5 42. c5 Bb3 43. Bc7 Kd5 44. c6 Rg8 45.
g3 f5 46. Ra1 Re8 47. h4 $5 (47. Bxe5 Rxe5 (47... Kxe5 48. Re1+) 48. c7 Re8 49.
Rc1 a3 50. c8=Q Rxc8 51. Rxc8 a2 52. Rc1 $18 {passed b-pawn. b-Freibauer})
47... Kd4 48. Bd6 Kd5 49. Bxe5 $1 Rxe5 50. c7 Re8 51. Kb7 $2 (51. Rc1 $1 $18) (
51. Ka7 $144 $18 Kd6 52. Rc1 Kd7 53. b6) 51... Kc5 52. c8=Q+ (52. b6 $4 Bd5+
$19) 52... Rxc8 53. Kxc8 Kxb5 54. Kd7 Bd5 55. Rf1 a3 56. Kd6 Bc4 57. Rb1+ Ka4
58. Ke5 Be2 59. Kf4 a2 60. Re1 Kb3 61. Ke3 Bb5 62. Kf4 Be2 1/2-1/2

[Event "Reggio Emilia 9697 39th"]
[Site "Reggio Emilia"]
[Date "1996.12.27"]
[Round "2"]
[White "Komarov, Dimitri"]
[Black "Mantovani, Renzo"]
[Result "1-0"]
[WhiteElo "2595"]
[BlackElo "2360"]
[Annotator "Hecht,H"]
[PlyCount "93"]
[EventDate "1996.12.26"]
[EventType "tourn"]
[EventRounds "9"]
[EventCountry "ITA"]
[EventCategory "11"]
[SourceTitle "CBM 057"]
[Source "ChessBase"]
[SourceDate "1997.04.01"]
[SourceVersion "1"]
[SourceVersionDate "1997.04.01"]
[SourceQuality "1"]

1. d4 Nf6 2. c4 e6 3. Nc3 Bb4 4. Nf3 b6 5. Bg5 Bb7 6. e3 h6 7. Bh4 g5 8. Bg3
Ne4 9. Qc2 d6 10. Bd3 Bxc3+ 11. bxc3 f5 12. d5 Nd7 13. Nd4 Ndc5 14. dxe6 Qf6
15. f3 f4 16. exf4 Nxd3+ 17. Qxd3 Nc5 18. Qe2 gxf4 19. Bf2 Rg8 20. g4 fxg3 21.
hxg3 O-O-O 22. O-O-O Rde8 23. Rhe1 h5 24. Qe3 Ba6 25. f4 Bxc4 26. Qf3 d5 27.
Qxh5 Ne4 28. Qf7 Qe7 29. Qxe7 Rxe7 30. Rxe4 dxe4 31. f5 c5 32. Nc6 Rc7 33. Ne5
Bxa2 34. c4 b5 35. f6 Bxc4 36. Nxc4 bxc4 37. f7 Rf8 38. Bxc5 Rfxf7 39. exf7
Rxf7 40. Re1 Rf3 41. Re3 a5 42. Kb2 Kd7 43. Kc3 Rxe3+ 44. Bxe3 {[#] typische
Multifunktion des wL: eigene Freibauern decken und gegnerische stoppen.
Einfach.} Ke6 45. g4 $1 (45. Kxc4 $2 Kf5 46. Kb5 Kg4 47. Bf2 (47. Bf4 e3 $11)
47... e3 48. Be1 Kf3 49. Kxa5 Ke2 50. Bb4 Kf3 $11) 45... Kd5 46. g5 $18 a4 47.
Kb4 1-0

[Event "Rubinstein Memorial 36th"]
[Site "Polanica Zdroj"]
[Date "1999.08.21"]
[Round "5"]
[White "Milov, Vadim"]
[Black "Onischuk, Alexander"]
[Result "0-1"]
[WhiteElo "2626"]
[BlackElo "2657"]
[Annotator "Hecht,H"]
[PlyCount "134"]
[EventDate "1999.08.17"]
[EventType "tourn"]
[EventRounds "9"]
[EventCountry "POL"]
[EventCategory "15"]
[SourceTitle "CBM 073"]
[Source "ChessBase"]
[SourceDate "1999.12.01"]
[SourceVersion "1"]
[SourceVersionDate "1999.12.01"]
[SourceQuality "1"]

1. d4 Nf6 2. c4 e6 3. Nc3 Bb4 4. Nf3 b6 5. Bg5 Bb7 6. Qb3 c5 7. a3 Bxc3+ 8.
Qxc3 h6 9. Bh4 g5 10. Bg3 Ne4 11. Qd3 Nxg3 12. hxg3 Qf6 13. O-O-O Bxf3 14. gxf3
Qxd4 15. Qxd4 cxd4 16. Rxd4 Nc6 17. Rd3 Ne5 18. Rc3 Rc8 19. e4 h5 20. Kd2 Ke7
21. f4 gxf4 22. gxf4 Ng4 23. Ke2 d6 24. Rh4 Nf6 25. Bg2 e5 26. fxe5 dxe5 27.
Bh3 Rc7 28. f4 Nxe4 29. Re3 Rxc4 30. Bf5 Nc5 31. Rxe5+ Kf6 32. Kf3 Nb3 33. Bd3
Rc5 34. Rxc5 Nxc5 35. Bc4 Ne6 36. Rh2 h4 37. Bf1 Nd4+ 38. Kf2 Nf5 39. Rh3 Rd8
40. Rd3 Rxd3 41. Bxd3 {[#] Springer mit Mehrbauer und geringer Bauernzahl.} h3
42. b4 h2 43. Kg2 Ng3 44. Kxh2 Nh5 45. a4 Nxf4 46. Bc4 Ne6 47. a5 Ke5 48. axb6
axb6 49. Kg3 f6 50. Kf2 Nd4 51. Bd3 Kf4 52. Bg6 Nc6 53. b5 Nd4 54. Bd3 Nf5 55.
Bf1 Ke4 56. Bg2+ Kd4 57. Bf1 Ne3 58. Be2 Ke4 59. Bf3+ Kf4 60. Bc6 Nf5 61. Bd5
Nd6 62. Bc6 Ke5 63. Ke3 Nf5+ 64. Kd3 Nd4 65. Be8 Kd5 66. Bd7 Kd6 67. Be8 Kc5 (
67... Kc5 68. Ke4 Nxb5 69. Kf5 Nd6+ $19) 0-1

[Event "Brussels SWIFT"]
[Site "Brussels"]
[Date "1986.??.??"]
[Round "?"]
[White "Timman, Jan H"]
[Black "Miles, Anthony John"]
[Result "1-0"]
[WhiteElo "2645"]
[BlackElo "2610"]
[Annotator "Huebner,R"]
[PlyCount "59"]
[EventDate "1986.03.??"]
[EventType "tourn"]
[EventRounds "11"]
[EventCountry "BEL"]
[EventCategory "13"]
[SourceTitle "CBM 001"]
[Source "ChessBase"]
[SourceDate "2004.01.01"]
[SourceVersion "1"]
[SourceVersionDate "2004.01.01"]
[SourceQuality "1"]

1. d4 Nf6 2. c4 e6 3. Nf3 b6 4. Nc3 Bb4 5. Bg5 Bb7 6. e3 h6 7. Bh4 g5 8. Bg3
Ne4 9. Qc2 Bxc3+ 10. bxc3 Nxg3 11. fxg3 g4 12. Nh4 Qg5 13. Qd2 Nc6 14. Bd3 Rg8
15. O-O Ke7 16. Rf4 Raf8 17. Raf1 h5 18. Qf2 Nd8 19. Rf6 {[#]} Re8 {Verhindert
20.Ng6} (19... Bf3 {[] Hübner} 20. Rf5 $1 exf5 21. Nxf5+ Ke8 22. gxf3 {Die
schwarze Stellung ist eine Ruine. Timman} Ne6 {Hübner /\ 23... Ng7} 23. f4 Qd8
{So kann sich Schwarz gegen den Einfall der weißen Dame am Damenflügel wappnen.
Nach der Partiefortsetzung 19... Re8 20.e4 hat Schwarz ohne jede materielle 
Kompensation noch viel größere Unbequemlichkeiten. Hübner}) 20. e4 d6 21. c5
bxc5 22. Bb5 Ref8 23. e5 cxd4 24. cxd4 c6 25. Bd3 dxe5 26. Ng6+ Kd7 27. Nxf8+
Rxf8 28. d5 exd5 29. Qc5 Ke8 30. R1f5 1-0

[Event "Zagreb/ Rijeka"]
[Site "Zagreb/ Rijeka"]
[Date "1985.04.21"]
[Round "1"]
[White "Cebalo, Miso"]
[Black "Popovic, Petar"]
[Result "1/2-1/2"]
[WhiteElo "2485"]
[BlackElo "2540"]
[Annotator "Kharitonov,A"]
[PlyCount "66"]
[EventDate "1985.04.21"]
[EventType "tourn"]
[EventRounds "15"]
[EventCountry "CRO"]
[EventCategory "11"]
[SourceTitle "MCL"]
[Source "ChessBase"]
[SourceDate "1999.07.01"]
[SourceVersion "1"]
[SourceVersionDate "1999.07.01"]
[SourceQuality "1"]

1. c4 {Rounds 1-4 and 11-15 were played in Zagreb. Rounds 5-10 were played in
Rijeka.} Nf6 2. Nf3 e6 3. d4 b6 4. Nc3 Bb4 5. Bg5 Bb7 6. e3 h6 7. Bh4 g5 8. Bg3
Ne4 9. Qc2 Bxc3+ 10. bxc3 d6 (10... Nxg3 11. fxg3 Nc6 (11... g4 12. Nh4 Qg5 13.
Qd2 Nc6 14. Bd3 Rg8 15. O-O Rg7 16. c5 bxc5 $5 17. Rab1 Nd8 18. Rb5 d6 19. dxc5
Bc6 20. Rb4 Qxc5 $17 {Greenfeld,A-Csom,I/Beersheba/1986/0:1/40/}) 12. Bd3 g4
13. Nh4 Qg5 14. Qe2 Rg8 15. O-O Rg7 16. Rab1 Ba6 17. c5 Bxd3 18. Qxd3 bxc5 $5
19. Rb5 d6 20. Rb7 Kd7 $13 {Rashkovsky,N-Csom,I/Frunze/1983/0:1/41/}) 11. Bd3
Nxg3 12. fxg3 (12. hxg3 Nd7 13. a4 Ke7 $5 14. a5 c5 15. d5 Nf6 16. e4 e5 17.
Nd2 Bc8 $13 {Farago,I-Langeweg,K/Malta ol/1980/0:1/64/}) 12... Nd7 13. O-O Qe7
14. Qa4 $5 (14. Be4 Bxe4 15. Qxe4 O-O 16. Nd2 c5 17. g4 Rac8 $13 {Portisch,
L-Popovic,P/JUG/1985/0:1/38/}) 14... O-O (14... a5 $6 15. c5 $1 dxc5 (15...
bxc5 16. dxc5 $16) 16. Ne5 $16) 15. e4 Kh8 (15... f6 16. Nd2 Kg7 17. Rf2 Rf7
18. Nf1 a5 19. g4 $14) 16. Rae1 a5 17. e5 $5 (17. g4 $1 {/\Rf2,Nd2-f1-g3+/=/})
17... dxe5 18. Nxe5 Nxe5 19. Rxe5 f6 (19... Rg8 $2 20. Qd1 $1 $16) 20. Re3 e5
21. Qb5 $6 (21. Qd1 $142 Qg7 (21... e4 22. g4 $16) 22. Qh5 $14) 21... Qd6 (
21... Ba6 $6 22. Qc6 Qg7 (22... Qd6 23. Qe4 $18) 23. Ref3 $18) (21... e4 22.
Qf5 Rae8 23. Rfe1 $16) 22. c5 (22. dxe5 fxe5 23. Qxe5+ Qxe5 24. Rxe5 Rxf1+ 25.
Bxf1 Rg8 26. Re6 Kg7 27. Re7+ Kf6 28. Rxc7 Rg7 29. Rxg7 Kxg7 30. Kf2 Kf6 31.
Ke3 Ke5 $10) 22... Qe6 23. cxb6 cxb6 24. Bc4 $2 (24. dxe5 $5 Ba6 25. Qb1 Bxd3
26. Qxd3 fxe5 27. Rfe1 Rae8 $14) 24... Qd6 $13 25. dxe5 $2 (25. Qb2 Rad8 $13)
25... Qd2 $1 26. Re2 Qxc3 $17 27. Qd7 $4 (27. Qb3 $8 Qd4+ 28. Kh1 fxe5 $17)
27... Qxc4 28. exf6 Rf7 (28... Qf7 $2 29. Re7 Qg6 30. Qxb7 $18) 29. Re7 Raf8 $4
(29... Qd5 $19) 30. Qxb7 Qc5+ 31. Rf2 $1 (31. Kh1 Rxe7 $19) 31... Qc1+ 32. Rf1
Qc5+ 33. Rf2 Qc1+ (33... Rd8 34. h3 Rd1+ 35. Kh2 Qxf2 36. Re8+ $18) 1/2-1/2